|
|
|
|
| LEADER |
00000nam a2200000 a 4500 |
| 001 |
vtls001347864 |
| 003 |
SK-MaSNL |
| 005 |
20260301114741.0 |
| 008 |
240509s1998 xo a r y 0 eng |
| 015 |
|
|
|a SNBA1999/02-00452
|
| 020 |
|
|
|a 8022510246
|
| 035 |
|
|
|a SNK000301133
|
| 035 |
|
|
|a urn:nbn:sk:snk-amkigi
|
| 035 |
|
|
|a urn:nbn:sk:snk-am003ttk
|
| 035 |
|
|
|a B1B3AB54-AC39-4579-9DA3-C4C5530A011C
|
| 040 |
|
|
|a SNK
|b slo
|c SNK
|e AACR2
|
| 041 |
0 |
|
|a eng
|
| 044 |
|
|
|a xo
|c SK
|
| 080 |
|
|
|a 802.0-316.4:339.9(075.8)(076.5)
|2 1981
|
| 080 |
|
|
|a 339.9(075.8)(076.5)=20
|2 1981
|
| 100 |
1 |
|
|a Bocková, Viera,
|d 1948-
|4 aut
|9 216809
|
| 245 |
1 |
0 |
|a Mastering business English in international business. Workbook
|c Viera Bocková, Mária Bláhová, Ľubica Kurdelová
|
| 260 |
|
|
|a Bratislava
|b Ekonóm
|c 1998
|
| 300 |
|
|
|a 72 s.
|c 21 cm
|
| 500 |
|
|
|a Tir. slov.
|
| 504 |
|
|
|a Bibliogr. s. 72
|
| 650 |
0 |
7 |
|a angličtina
|x obchod medzinárodný
|x terminológia odborná
|x cvičenia praktické
|2 SNK
|9 458682
|
| 650 |
0 |
7 |
|a obchod medzinárodný
|x terminológia anglická
|x cvičenia praktické
|2 SNK
|9 458683
|
| 655 |
|
7 |
|a Textbooks (higher)
|2 SNKPHeng
|9 276436
|
| 655 |
|
7 |
|a učebnice vysokých škôl
|2 SNKPH
|9 70191
|
| 655 |
|
7 |
|a príručky
|2 SNK
|9 74364
|
| 700 |
1 |
|
|a Bláhová, Mária
|4 aut
|9 7951
|
| 700 |
1 |
|
|a Kurdelová, Ľubica
|4 aut
|9 41794
|
| 919 |
|
|
|a 80-225-1024-6
|
| 958 |
|
|
|a TL
|
| 958 |
|
|
|a NB
|
| 999 |
|
|
|c 719613
|d 721543
|
| 952 |
|
|
|t P60, <03>, [BOOK], {603}
|a SNK
|b SNK
|y PREZ
|7 0
|p 17A0168318
|o snkSC 97109/[2]
|i snkKSP 10317/98
|0 0
|1 0
|4 0
|d 1998-11-11
|f 1
|l 0
|r 2025-09-16 00:00:00
|w 2026-02-23
|
| 952 |
|
|
|t P60, <04>, [BOOK], {604}
|a SNK
|b SNK
|y VYP
|7 0
|p 17A0168319
|o snkSC 97109/[2] D1
|i snkKSP 10318/98
|0 0
|1 0
|4 0
|d 1998-11-11
|l 0
|r 2005-01-02 00:00:00
|w 2026-02-23
|